Catálogo
 En Linea

La Batalla de Chorros Blancos / (Registro nro. 6293)

Detalles MARC
000 -CABECERA
campo de control de longitud fija 00921cam a2200241 a 4500
001 - NÚMERO DE CONTROL
campo de control 000006502
005 - FECHA Y HORA DE LA ÚLTIMA TRANSACCIÓN
campo de control 20200929153936.0
008 - DATOS DE LONGITUD FIJA--INFORMACIÓN GENERAL
campo de control de longitud fija 740425s1972 xx ab 000 0 spa
040 ## - FUENTE DE LA CATALOGACIÓN
Centro catalogador/agencia de origen DO-SdBNP
Lengua de catalogación spa
Centro/agencia transcriptor DLC
Centro/agencia modificador BNPHU
082 ## - NÚMERO DE LA CLASIFICACIÓN DECIMAL DEWEY
Número de clasificación 986.103
Número de documento/Ítem P613b
049 ## - FONDOS LOCALES (OCLC)
Fondos de biblioteca BNGR
100 1# - ENTRADA PRINCIPAL--NOMBRE DE PERSONA
Nombre de persona Piedrahita Echeverri, Javier,
Fechas asociadas al nombre 1924-
9 (RLIN) 18026
245 13 - MENCIÓN DE TÍTULO
Título La Batalla de Chorros Blancos /
Mención de responsabilidad, etc. Javier Piedrahita Echeverri.
260 ## - PUBLICACIÓN, DISTRIBUCIÓN, ETC.
Lugar de publicación, distribución, etc. Medellín, Colombia :
Nombre del editor, distribuidor, etc. Imprenta Departamental de Antioquia,
Fecha de publicación, distribución, etc. 1972.
300 ## - DESCRIPCIÓN FÍSICA
Extensión 119 p. :
Otras características físicas il., mapas ;
Dimensiones 23cm.
500 ## - NOTA GENERAL
Nota general Título de la cubierta: Monografía de Chorros Blancos.
504 ## - NOTA DE BIBLIOGRAFÍA, ETC.
Nota de bibliografía, etc. Incluye referencias bibliográfica (p. 115-116)
650 #4 - PUNTO DE ACCESO ADICIONAL DE MATERIA--TÉRMINO DE MATERIA
Término de materia o nombre geográfico como elemento de entrada Colombia
Subdivisión general Historia
Subdivisión cronológica 1810-1819
9 (RLIN) 18027
650 #4 - PUNTO DE ACCESO ADICIONAL DE MATERIA--TÉRMINO DE MATERIA
Término de materia o nombre geográfico como elemento de entrada Antioquia, (colombia)
Subdivisión general Historia
9 (RLIN) 18028
650 #4 - PUNTO DE ACCESO ADICIONAL DE MATERIA--TÉRMINO DE MATERIA
Término de materia o nombre geográfico como elemento de entrada Batalla de chorros blancos
Subdivisión geográfica Colombia
Subdivisión cronológica 1820
9 (RLIN) 18029
740 0# - PUNTO DE ACCESO ADICIONAL--TÍTULO RELACIONADO O ANALÍTICO NO CONTROLADO
Título relacionado o analítico no controlado Monografía de Chorros Blancos.
910 ## - DATOS DE OPCIÓN DEL USUARIO (OCLC)
Datos de opción del usuario Catalogación por copia / LC
Existencias
Estado de retiro Estado de pérdida Restricciones de uso No para préstamo Código de colección Localización permanente Ubicación/localización actual Ubicación en estantería Fecha de adquisición Número de inventario Total de préstamos Signatura topográfica completa Código de barras Fecha visto por última vez Precio válido a partir de Tipo de ítem Koha
    Préstamo interno   Monografías: Libros y Folletos General General En catalogación 31.08.2009 LF1   986.103 P613b 6502-10 25.06.2020 25.06.2020 Préstamo interno

Con tecnología Koha